Geography: United States #4 - Statistics

General Stats
  • This quiz has been taken 31 times
    5 since last reset
  • The average score is 14 of 24
Answer Stats
Hint Answer % Correct
What states have this geographical feature? Florida
100%
What states have this geographical feature? Oklahoma
100%
What is the term defined as: "a narrow strip of land projecting from the main body of one state into another state"? Panhandle
100%
What sport, known as "America's Favorite Pastime" had it's first organized game played in Hoboken, New Jersey? Baseball
80%
In what city is the above building located? Chicago
80%
What building in New York City, standing at 1250 feet (not including the antenna), was the tallest building in the world until 1970? Empire State Building
80%
What are the names of the two main peninsulas that make up Michigan? Lower
80%
What states have this geographical feature? Maryland
80%
What building, also in New York City, surpassed the above, standing at 1368 feet? North Tower, World Trade Center
80%
What building surpassed the above in 1973 upon its completion? (1450 feet) Sears Tower
80%
What states have this geographical feature? Texas
80%
What are the names of the two main peninsulas that make up Michigan? Upper
80%
What states have this geographical feature? West Virginia
80%
What states have this geographical feature? Idaho
60%
Where is the oldest intersection in the country? Kingston, New York
60%
What states have this geographical feature? Nebraska
60%
What states have this geographical feature? Alaska
40%
What states have this geographical feature? Connecticut
40%
What is kept secret about this tree, to protect it and it's surrounding ecosystem from potential disruption? Exact Location
40%
Where is the wettest place in the country? It receives 460 inches of rain a year! Mount Waialeale, Hawaii
20%
Where is the name of the national park where the above is located? White Sands
20%
What is the name of the world's tallest living tree, located in the Redwood National Forest in California? Hyperion
0%
The four houses at this intersection date back to before what war? Revolutionary War
0%
What is the name of the location where the first nuclear bomb was tested? Trinity Site
0%
No matching quizzes found
Score Distribution
Percent of People with Each Score
Percentile by Number Answered
Your Score History
You have not taken this quiz since the last reset